书目信息 |
| 题名: |
生态学
|
|
| 作者: | 周凤霞 主编 | |
| 分册: | ||
| 出版信息: | 北京 化学工业出版社 2005.01 |
|
| 页数: | 277页 | |
| 开本: | 26cm | |
| 丛书名: | ||
| 单 册: | ||
| 中图分类: | Q14 | |
| 科图分类: | ||
| 主题词: | 生态学--高等教育--教材 | |
| 电子资源: | ||
| ISBN: | 978-7-5025-6415-5 | |
| 000 | 00860nam0 2200229 450 | |
| 001 | 0939917572 | |
| 005 | 20091013110631.72 | |
| 010 | @a978-7-5025-6415-5@dCNY29.00 | |
| 100 | @a20051019d2005 km y0chiy0120 ea | |
| 101 | 0 | @achi |
| 102 | @aCN@b110000 | |
| 105 | @aa z 000yy | |
| 200 | 1 | @a生态学@Asheng tai xue@f周凤霞主编@Fzhou feng xia zhu bian |
| 210 | @a北京@c化学工业出版社@d2005.01 | |
| 215 | @a277页@c图@d26cm | |
| 330 | @a本书从生物的个体、种群、群落、生态系统等层次阐述了生态学的基本原理;污染物在生态系统中的迁移规律,生物富集,环境污染的生态治理;环境污染的生态检测;生态工程、生态规划、生态评价的内容和方法等内容。 | |
| 333 | @a教育部高职高专规划教材; 高职高专环境类专业规划教材 | |
| 606 | 0 | @a生态学@x高等教育@j教材 |
| 690 | @aQ14@v4 | |
| 701 | 0 | @a周凤霞@Azhou feng xia@4主编 |
| 801 | 0 | @aCN@bQSSK@c20091013 |
| 905 | @a10447@dQ14@eZ760 | |
| 生态学/周凤霞主编.-北京:化学工业出版社,2005.01 |
| 277页:图;26cm |
| 使用对象:教育部高职高专规划教材; 高职高专环境类专业规划教材 |
| ISBN 978-7-5025-6415-5:CNY29.00 |
| 本书从生物的个体、种群、群落、生态系统等层次阐述了生态学的基本原理;污染物在生态系统中的迁移规律,生物富集,环境污染的生态治理;环境污染的生态检测;生态工程、生态规划、生态评价的内容和方法等内容。 |
| ● |
| 相关链接 |
|
|
|
正题名:生态学
索取号:Q14/Z760
 
预约/预借
| 序号 | 登录号 | 条形码 | 馆藏地/架位号 | 状态 | 备注 |
| 1 | 892590 | 208925902 | 自科库401/401自科库 25排4列2层/ [索取号:Q14/Z760] | 在馆 | |
| 2 | 892591 | 208925911 | 自科库401/401自科库 25排4列2层/ [索取号:Q14/Z760] | 在馆 |